Návrh výmenníkov tepla tepelného čerpadla s chladivom \(CO_{2}\)

Na minha lista:
Detalhes bibliográficos
Autor principal: Maďar, Juraj (Author)
Outros Autores: Šustek, Jaroslav (Thesis advisor)
Formato: Manuscrito Livro
Idioma:eslovaco
Publicado em: 2021
Assuntos:
Acesso em linha:http://is.stuba.sk/zp/portal_zp.pl?podrobnosti=150332
Tags: Adicionar Tag
Sem tags, seja o primeiro a adicionar uma tag!

MARC

LEADER 00000ntm a22000003a 4500
001 stuzp84660
003 SK-STU
005 20210717210359.6
007 ta
008 150427s2015----xo-----f-mn---000-0-slo-d
040 |a STU  |b slo 
041 0 |a slo 
100 1 |a Maďar, Juraj  |u 020060  |4 aut  |U SjF Strojnícka fakulta  |T SjF Ústav energetických strojov a zariadení  |X 98588  |U J0060  |Y 805  |7 98588 
242 0 1 |a Design of heat exchangers for a heat pump with refrigerant \(CO_{2}\)  |y eng 
245 1 0 |a Návrh výmenníkov tepla tepelného čerpadla s chladivom \(CO_{2}\) 
260 |c 2021 
650 4 |a výmenník tepla  |2 slo 
650 4 |a tepelné čerpadlo  |2 slo 
650 4 |a transkritický obeh \(CO_{2}\)  |2 slo 
650 4 |a heat pump  |2 eng 
650 4 |a transcritical cycle \(CO_{2}\)  |2 eng 
650 4 |a heat exchanger  |2 eng 
700 1 |a Šustek, Jaroslav  |u 020060  |k Z1  |4 ths  |U SjF Strojnícka fakulta  |T SjF Ústav energetických strojov a zariadení  |X 41391  |U J0060  |Y 805  |7 A000041391 
856 4 |u http://is.stuba.sk/zp/portal_zp.pl?podrobnosti=150332